000 00564nam a2200229Ia 4500
003 OSt
005 20220924152638.0
006 a|||||r|||| 00| 0
007 ta
008 220923b |||||||| |||| 00| 0 ara d
024 _a343605
037 _cTextual
040 _aARTS
_cARTS
_bara
041 _2ara
_aara
082 _aO28, K0
100 _aHafiz Abu Usman Au.
_9227170
245 0 _aMajmua-e-rasail
260 _c1960
650 _aARABIC LITERATURE
942 _hO28, K0
_cTEXL
_2CC
999 _c470562
_d470562